Statistics for Prime ministers of Italy by pictures - Quiz

Click here to take the quiz!

General Stats

  • This quiz has been taken 36 times
  • The average score is 16 of 29

Answer Stats

Answer% Correct
Silvio Berlusconi
97%
Giuseppe Conte
91%
Matteo Renzi
88%
Romano Prodi
85%
Enrico Letta
82%
Bettino Craxi
79%
Mario Monti
79%
Carlo Azeglio Ciampi
73%
Paolo Gentiloni
73%
Massimo D'Alema
70%
Giulio Andreotti
67%
Francesco Cossiga
64%
Alcide de Gasperi
61%
Giuliano Amato
61%
Giovanni Leone
58%
Aldo Moro
55%
Amintore Fanfani
39%
Ciriaco De Mita
39%
Giovanni Goria
39%
Giovanni Spadolini
39%
Lamberto Dini
39%
Arnaldo Forlani
36%
Antonio Segni
30%
Emilio Colombo
27%
Fernando Tambroni
24%
Mariano Rumor
24%
Adone Zoli
21%
Giuseppe Pella
21%
Mario Scelba
21%

Score Distribution

Percentile by Number Answered

Percent of People with Each Score

Your Score History

You have not taken this quiz